De statu ecclesiae et legitima potestate, romani pontificis liber singularis, ad reuniendos dissidentes in religione christianos compositus

Detalles Bibliográficos
Autor principal: Hontheim, Johann Nikolaus von 1701-1790
Formato: Libro
Lenguaje:Latin
Publicado: Bullioni 1765
Edición:Editio altera, priore emendatior et multò auctior
Materias:
Colección:Banco de datos
Acervo:Biblioteca Armando Olivares Carrillo de la Universidad de Guanajuato. Fondo Conventos
Descripción Física:[35] h., 816, 150 p., [20] h. 4°
Tema general:Derecho eclesiástico
LEADER 00735nam a22001810004500
035 |a 2333 
041 0 |a lat 
050 4 |a BR115.L28  |b H6 
100 1 |a Hontheim, Johann Nikolaus von  |d 1701-1790 
245 1 0 |a De statu ecclesiae et legitima potestate, romani pontificis liber singularis, ad reuniendos dissidentes in religione christianos compositus  |c Justini Febronii Jcti.  
250 |a Editio altera, priore emendatior et multò auctior 
260 |a Bullioni  |b apud Guillelmum Evrardi  |c 1765 
300 |a [35] h., 816, 150 p., [20] h.  |c 4° 
650 1 0 |a Derecho eclesiástico 
949 |a CO. 4179 
942 |c GUANAJUATO 
943 |g Biblioteca Armando Olivares Carrillo de la Universidad de Guanajuato. Fondo Conventos 
999 |c 1146290  |d 1146290